Etudy a caprice housle solo /

Hlavní autor: Dont, Jakob, 1815-1888
Další autoři: Feld, Jindřich, 1883-1953
Jazyk: Nelze použít, není lingvistický obsah
Vydáno: V Praze : Orbis, 1949
Vydání: 1. vyd.
Fyzický popis: 45 s.
Hudebniny Hudebniny
Uloženo v:
LEADER 00756ncm a22002292a 4500
001 001107175
003 CZ BrMZK
005 20110516104758.0
007 qu
008 980105s1949 xr f zxx d
040 |a BOA001  |b cze 
072 7 |a 787  |x Hudba pro strunné a smyčcové nástroje  |2 Konspekt  |9 9 
100 1 |a Dont, Jakob,  |d 1815-1888  |7 xx0011282  |4 cmp 
245 1 0 |a Etudy a caprice  |h [hudebnina] :  |b housle solo /  |c Jakob Dont ; rev. J. Feld 
250 |a 1. vyd. 
260 |a V Praze :  |b Orbis,  |c 1949 
300 |a 45 s. 
700 1 |a Feld, Jindřich,  |d 1883-1953  |7 ola2001100310  |4 edt 
910 |a BOA001  |b Mus4-0244.419 
990 |a MU 
991 |b 201007 
996 6 |b 2619486133  |c Mus4-0244.419  |l MZK  |r Sklad / do 1 hodiny  |n 2  |w 001134458  |u 000010  |a 1  |e BOA001  |j MZK50  |s P